| 000 | 00855nam a2200253 i 4500 | ||
|---|---|---|---|
| 001 | 48876 | ||
| 003 | ES-MaACL | ||
| 005 | 20230906161835.0 | ||
| 007 | t| | ||
| 008 | 030701s1941 sp ||||1| spa d | ||
| 100 | 1 |
_aCordero Torres, José María, _d1909-1977 _940527 |
|
| 245 | 1 | 0 |
_aTratado elemental de derecho colonial español / _cpor José María Cordero Torres. |
| 260 |
_aMadrid : _bEditora Nacional, _c1941 ( _fUguina) |
||
| 300 |
_a384 p. ; _c19 cm. |
||
| 490 | 1 | _aEspaña ante el mundo | |
| 594 | _aPrecede al tít.: Instituto de Estudios Políticos. | ||
| 650 |
_aDerecho colonial- _zEspaña. _9170999 |
||
| 710 | 2 |
_aInstituto de Estudios Políticos (Madrid) _94924 |
|
| 830 | 1 |
_aEspaña ante el mundo _9182252 |
|
| 852 |
_aES-MaACL _jD-1911 |
||
| 852 |
_aES-MaACL _jE-2271 |
||
| 852 |
_aES-MaACL _jC-5624 |
||
| 999 |
_c48876 _d48876 |
||